Diesel Engine Reference Book / (Record no. 8937)
[ view plain ]
| 000 -LEADER | |
|---|---|
| fixed length control field | 00303cam a2200121ua 4500 |
| 020 ## - INTERNATIONAL STANDARD BOOK NUMBER | |
| ISBN | 0-408-00443-6 |
| 082 ## - DEWEY DECIMAL CLASSIFICATION NUMBER | |
| Classification number | 621.436 |
| Item number | LIL/DIE |
| 100 ## - MAIN ENTRY--AUTHOR NAME | |
| Personal name | Lilly, L R C . |
| 245 00 - TITLE STATEMENT | |
| Title | Diesel Engine Reference Book / |
| 260 ## - PUBLICATION, DISTRIBUTION, ETC. (IMPRINT) | |
| Place of publication | London : |
| Name of publisher | Butterworth Scientific , |
| Year of publication | 1984. |
| 300 ## - PHYSICAL DESCRIPTION | |
| Number of Pages | ; . |
| 942 ## - ADDED ENTRY ELEMENTS (KOHA) | |
| Koha item type | Reference |
| Withdrawn status | Lost status | Damaged status | Collection code | Home library | Current library | Shelving location | Date acquired | Full call number | Accession Number | Koha item type |
|---|---|---|---|---|---|---|---|---|---|---|
| General Books | KAUAET | KAUAET | General Stacks | 31/08/1987 | 621.436.LIL/DIE | 16325 | Books |
